Piłkarskie A do Z - Statystyki

Ogólne statystyki
  • Ten quiz został rozwiązany 40 razy
  • Średni wynik to 11 z 24
Statystyki odpowiedzi
Hint Odpowiedź % Poprawnych
Jeden Niemiec drugi Ghańczyk. Boateng
83%
Europejskie rozgrywki klubowe najwyższego szczebla. Champions League
83%
Rosyjski napastnik, były gracz Arsenalu. Andrij Arszawin
75%
Reprezentacja tego kraju wraca na mundial po 52 latach kiedy to wielcy Polacy strzelili im 7 bramek. Haiti
75%
Newcastle..., West Ham..., Leeds... United
72%
Zidane potraktował go z bani w finale mistrzostw świata 2006. Marco Materazzi
69%
Bohater głośnego transferu pomiędzy Challans i Saint-Philbert lipcem 2024 roku, potocznie odbyt. Alban Dupa
67%
Turecki diament włoskiej starej damy. Kenan Yildiz
61%
Ricardo Izecson dos Santos Leite Kaka
58%
Pseudonim Kamila Grosickiego Turbo
56%
Strzelec zwycięskiej bramki finału mistrzostw świata na Maracanie Mario Goetze
47%
Ostatni Polak który został królem strzelców Ekstraklasy Marcin Robak
44%
Miejsce urodzenia Cafu oraz siedziba Corinthians. Sao Paulo
44%
Chciałby mieć zawał. Christian Eriksen
42%
Najbardziej polski Polak w historii polskiej reprezentacji Polski. Emanuel Olisadebe
42%
Jeśli byłaby to polska drużyna to grałaby na stadionie smoka. FC Porto
31%
Ma stadion 817,5 metra od linii brzegowej Morza Bałtyckiego. Flota Świnoujście
31%
Przydomek madryckiego klubu po polsku "materace". Los Colchoneros
28%
Bramkarz który strzelając bramkę pozbawił awansu Termalicę Bruk-Bet Niecieczę, lub ptak niemigrujący. Michał Wróbel
28%
Wychowanek Realu Sociedad San Sebastian był stamtąd wypożyczony do Eibar, mistrz świata i dwukrotny mistrz Europy Xabi Alonso
19%
Bóg, Król, Kapitan Planeta, Masakrator, Niszczyciel wszechświatów, Thanos Victor Ibarbo
6%
Wiesław Grabowski urodzony w Zabrzu, mąż Krystyny, lekarz konsul honorowy Rzeczypospolitej Polskiej a także ich były trener. Zimbabwe
6%
W wieku 13 lat nauczył się grać na gitarze a w swojej kolekcji posiada 3 figurki przyjaciół. Jakub Nowaczek
0%
Austriacki śpiewak lub były piłkarz Legii Warszawa i prawie 50 krotny reprezentant wielkiej Polski Tomasz Jodłowiec
0%
Nie znaleziono quizów pasujących do podanych kryteriów
Rozkład punktacji
Procent ludzi z każdym wynikiem
Percentyl według liczby udzielonych odpowiedzi
Twoja historia wyników
Nie rozwiązałeś tego quizu